00738nam a2200217Ia 4500003000900000008004100009020001800050040001600068080001400084100002400098245013800122260003000260300002300290650001600313650002200329700003000351700002500381942000700406999001700413952009000430IN-BaIIA211028s9999 xx 000 0 eng d a81-85015-84-8 cIIA Library a53bFEY-3 aFeynman, Richard P. 0aFeynman lectures on physicsbvol.3cRichard P. Feynman, Robert B. Leighton and Matthew Sands  aUSAbAddison-Wesleyc1965 a[various pagings.] aPhysics973 aquantum mechanics aLeighton, Robert. B93559 aSands, Matthew92166 cBK c13285d13285 00104070aBANbHOScGENd0000-00-00l0o53/FEY-3p14203r2021-11-05w0000-00-00yBK